000 00456nam a22001577a 4500
999 _c11751
_d11751
008 210101b 2011 ||||| |||| 00| 0 eng d
082 _a336.205
_bAGR
100 _aAgrawal, Raj
245 _aEconomic and social environment
260 _aNew Delhi
_bAIMA-CME
_c2011
300 _a97p.
650 _aSynergy between government and business
650 _aIndustrial policy and performance
650 _aIndustrial policy and performance
942 _cBK